Members of the League of Nations - Statistics

General Stats
  • This quiz has been taken 30 times
  • The average score is 57 of 63
Answer Stats
Membership Answer % Correct
1920; 1933 - 1946 Argentina
100%
1920 - 1946 Australia
100%
1920 - 1938 Austria
100%
1920 - 1946 British Empire
100%
1920 - 1946 Canada
100%
1920 - 1946 China
100%
1920 - 1946 Colombia
100%
1920 - 1940 Denmark
100%
1920 - 1946 Greece
100%
1920 - 1933 Japanese Empire
100%
1920 - 1946 Kingdom of Serbs, Croats and Slovenes
100%
1931 - 1946 Mexico
100%
1920 -1946 New Zealand
100%
1920 - 1946 Sweden
100%
1920 - 1946 Belgium
96%
1920 - 1926 Brazil
96%
1920 - 1946 British India
96%
1920 - 1938 Chile
96%
1934 - 1946 Ecuador
96%
1920 - 1941 France
96%
1943 - 1945 Free France
96%
1926 - 1933 Germany
96%
1923 - 1946 Irish Free State
96%
1920 - 1937 Italy
96%
1920 - 1946 Netherlands
96%
1920 - 1946 Norway
96%
1920 - 1939 Peru
96%
1920 - 1946 Poland
96%
1920 - 1946 Portugal
96%
1934 - 1939 Soviet Union
96%
1920 - 1926; 1928 - 1939 Spain
96%
1920 - 1939 Albania
92%
1920 - 1946 Finland
92%
1920 - 1946 Luxembourg
92%
1920 - 1946 Panama
92%
1920 - 1940 Romania
92%
1920 - 1938 Venezuela
92%
1920 - 1946 Bulgaria
88%
1920 - 1939 Czechoslovakia
88%
1937 - 1946 Egypt
88%
1922 - 1939 Hungary
88%
1920 - 1946 Persia
88%
1920 - 1946 South Africa
88%
1932 - 1946 Turkey
88%
1920 - 1946 Uruguay
88%
1923 - 1936 Abyssinia
84%
1920 - 1936 Guatemala
84%
1920 - 1936 Honduras
84%
1920 - 1936 Nicaragua
84%
1920 - 1935 Paraguay
84%
1920 - 1946 Bolivia
80%
1920 - 1927 Costa Rica
80%
1924 - 1946 Dominican Republic
80%
1920 - 1937 El Salvador
80%
1920 - 1942 Haiti
80%
1921 - 1940 Lithuania
80%
1920 - 1946 Switzerland
80%
1921 - 1940 Estonia
76%
1921 - 1940 Latvia
76%
1920 - 1946 Siam
76%
1932 - 1946 Iraq
72%
1934 - 1946 Afghanistan
68%
1920 - 1946 Liberia
68%
No matching quizzes found
Score Distribution
Percent of People with Each Score
Percentile by Number Answered
Your Score History
You have not taken this quiz